Registros contables en el marco del Código Civil y Comercial de la Nación y legislación societaria. Régimen general (Registro nro. 12393)

Detalles MARC
000 -LEADER
fixed length control field 00419 a2200121 4500
001 - CONTROL NUMBER
control field ART_47389
005 - DATE AND TIME OF LATEST TRANSACTION
control field 20260410161630.0
008 - FIXED-LENGTH DATA ELEMENTS--GENERAL INFORMATION
fixed length control field 260409a
100 1# - MAIN ENTRY--PERSONAL NAME
Personal name Campo, Ana María
245 10 - TITLE STATEMENT
Title Registros contables en el marco del Código Civil y Comercial de la Nación y legislación societaria. Régimen general
700 1# - ADDED ENTRY--PERSONAL NAME
Personal name Garrido, Elisabet G.
773 0# - HOST ITEM ENTRY
Title Enfoques
Related parts - N°8 (ago. 2018)
Record control number REV416

No hay ítems disponibles.